000 00723nam a2200205 u 4500
001 000562196
003 AM-YeHGA
005 20250617140421.0
008 071220s1975 ||||||||||||||||||||rus d
040 _aAM-YeHGA
041 0 _arus
100 1 _aУдовицкая, Елена Васильевна
245 1 0 _aЭндокринологические аспекты стоматологии /
_cЕ.В. Удовицкая .
260 _aМосква :
_bМедицина,
_c1975.
300 _a192 с. :
_bил.
650 1 4 _aСтоматология
650 1 4 _aЭндокринология
650 1 4 _aГормональные аспекты челюстно-лицевой области
090 _c220968
999 _c219438
_d219438